000 00868nam a22002417a 4500
999 _c189827
_d189827
005 20220713145635.0
010 _aENG-133525 1819CHEN B-718965-985
020 _a9789352750856
_c395.00
035 _aB-718965-985
035 _aEN-117057
035 _aB-728543
037 _bBharatiya Sahitya Bhavana
037 _bDBAD/PUB
082 _aN
100 _aSutherland, Tui T.
245 _aWings of fire:
_bthe dangerous gift/
_cby Tui T. Sutherland
260 _aNew York
_bScholastic
_c2021
270 _a557 Broadway,
_bNew York
_e10012
300 _a316p.
_c20cm(pbk)
942 _2ddc
_cEN
_mSUT
_hN